000 00289nam a22001337a 4500
008 171013b xxu||||| |||| 00| 0 eng d
020 _a0671662740
041 _aeng
080 _a316
100 _a51
101 _aSOC
245 _aTHE MISMEASURE OF WOMAN
_cTAVRIS, C
942 _2udc
_cBK
999 _c33777
_d33777